000 00720cam a2200205 4500
001 WB3937-11
008 030930n2003 000 0 eng u
035 _a(Sirsi) u123786
245 _aIrish one-off housing policy to change
260 _c2003
490 _aPlanning (for the Natural and Built Environment)
_v(1538) 26 September 2003, 4(1)
520 _aThe Irish prime minister has described housing restrictions as too severe, as they may drive people into the towns when they cannot get planning permission for houses in the countryside.
590 _aWB
650 _aEIRE
650 _aONE-OFF HOUSING
650 _aRURAL HOUSING
650 _aPLANNING RESTRICTIONS
690 _aHOUSING
942 _n0
999 _c73508
_d73508